000
00292nam a2200121 a 4500
008
101022s1969|||| d
100
1
_a
Lagerlofová, Selma
245
1
0
_a
Jeruzalem
260
_b
Slovenský spisovateľ
_a
Bratislava
_c
1969
041
_a
slo
020
_c
11,50
044
_a
xo
_c
SK
999
_c
12021
_d
12021